Troubleshooting and repairing diesel engines. (4th edition) (Record no. 81450)

MARC details
000 -LEADER
fixed length control field 01351nam a2200229 a 4500
008 - FIXED-LENGTH DATA ELEMENTS--GENERAL INFORMATION
fixed length control field 190715s2008 ||||||||||||||||| || u
020 ## - INTERNATIONAL STANDARD BOOK NUMBER
International Standard Book Number 9780071493710
050 ## - LIBRARY OF CONGRESS CALL NUMBER
Classification number TJ 799 Dem
100 ## - MAIN ENTRY--PERSONAL NAME
Personal name Dempsey, Paul
245 10 - TITLE STATEMENT
Title Troubleshooting and repairing diesel engines. (4th edition)
Statement of responsibility, etc. By Paul Dempsey
250 ## - EDITION STATEMENT
Edition statement 4th edition
260 ## - PUBLICATION, DISTRIBUTION, ETC.
Place of publication, distribution, etc. New York
Name of publisher, distributor, etc. McGraw-Hill
Date of publication, distribution, etc. 2008
300 ## - PHYSICAL DESCRIPTION
Extent xiii, 390 pages : illustrations
650 ## - SUBJECT ADDED ENTRY--TOPICAL TERM
Topical term or geographic name entry element MOTORS--MAINTENANCE AND REPAIR
650 ## - SUBJECT ADDED ENTRY--TOPICAL TERM
Topical term or geographic name entry element DIESEL MOTOR--MAINTENANCE
650 ## - SUBJECT ADDED ENTRY--TOPICAL TERM
Topical term or geographic name entry element ENGINES--MAINTENANCE AND REPAIR
995 ## -
-- MAIN LIBRARY OPEN ACCESS
-- 20.00
-- 749419
-- CBU-MAIN LIBRARY (Kitwe)
-- TJ 799 Dem
-- 2
-- AVAILABLE
-- Jul 16, 2019
-- 749419
-- Main Library Open Access Collection
995 ## -
-- MAIN LIBRARY OPEN ACCESS
-- 20.00
-- 749421
-- CBU-MAIN LIBRARY (Kitwe)
-- TJ 799 Dem
-- 4
-- AVAILABLE
-- Jul 16, 2019
-- 749421
-- Main Library Open Access Collection
995 ## -
-- MAIN LIBRARY OPEN ACCESS
-- 20.00
-- 749422
-- CBU-MAIN LIBRARY (Kitwe)
-- TJ 799 Dem
-- 1
-- AVAILABLE
-- Jul 16, 2019
-- 749422
-- Main Library Open Access Collection
995 ## -
-- SHORT LOAN BOOKS
-- 750114
-- CBU-MAIN LIBRARY (Kitwe)
-- TJ 799 Dem
-- 5
-- AVAILABLE
-- Nov 26, 2019
-- 750114
-- Short Loan Collection
995 ## -
-- MAIN LIBRARY OPEN ACCESS
-- 20.00
-- 749420
-- CBU-MAIN LIBRARY (Kitwe)
-- TJ 799 Dem
-- 3
-- AVAILABLE
-- Jul 16, 2019
-- 749420
-- Main Library Open Access Collection
999 ## -
-- 81450
-- 81450
Holdings
Withdrawn status Lost status Source of classification or shelving scheme Damaged status Not for loan Permanent Location Current Location Shelving location Date acquired Total Checkouts Full call number Barcode Date last seen Copy number Price effective from Koha item type
          CBU-MAIN LIBRARY, KITWE. CBU-MAIN LIBRARY, KITWE.   08/18/2023   TJ 799 Dem 749419 08/18/2023 1 08/18/2023 MONOGRAPH
          CBU-MAIN LIBRARY, KITWE. CBU-MAIN LIBRARY, KITWE.   08/18/2023   TJ 799 Dem 749421 08/18/2023 2 08/18/2023 MONOGRAPH
          CBU-MAIN LIBRARY, KITWE. CBU-MAIN LIBRARY, KITWE.   08/18/2023   TJ 799 Dem 749422 08/18/2023 3 08/18/2023 MONOGRAPH
          CBU-MAIN LIBRARY, KITWE. CBU-MAIN LIBRARY, KITWE.   08/18/2023   TJ 799 Dem 750114 08/18/2023 4 08/18/2023 SHORT LOAN COLLECTION
          CBU-MAIN LIBRARY, KITWE. CBU-MAIN LIBRARY, KITWE.   08/18/2023   TJ 799 Dem 749420 08/18/2023 5 08/18/2023 MONOGRAPH